| 000 | 00811nam a2200265Ia 4500 | ||
|---|---|---|---|
| 003 | OSt | ||
| 005 | 20221005092107.0 | ||
| 006 | a|||||r|||| 00| 0 | ||
| 007 | ta | ||
| 008 | 221004b |||||||| |||| 00| 0 eng d | ||
| 020 |
_a0415951860 (pbk) _c395 |
||
| 024 | _a86919 | ||
| 037 |
_b440, 30/03/2007, Bhartiya Sahitya Bhawan _cTextual |
||
| 040 |
_aCRL _cCRL _beng |
||
| 041 |
_2eng _aeng |
||
| 082 | _aY:1.2, P6 | ||
| 100 |
_aOza Rupal _9444385 |
||
| 245 | 0 |
_aMaking of neoliberal India _b nationalism, gender, and the paradoxes of globalization |
|
| 260 |
_aNew York _bRouteldge U.S.A _c2007 |
||
| 300 |
_ax, 177p. _ccm. |
||
| 650 | _a CULTURE | ||
| 650 | _aSOCIOLOGY | ||
| 942 |
_hY:1.2, P6 _cTEXL _2cc |
||
| 999 |
_c998322 _d998322 |
||